| 000 | 00478nam a2200181 a 4500 | ||
|---|---|---|---|
| 001 | 4064 | ||
| 003 | CO-ViMGA | ||
| 008 | 141112s2004 ck r 000 u spa d | ||
| 040 |
_aCO-ViMGA _bspa _cCO-ViMGA |
||
| 082 | 0 | 4 | _a793.73 M431 |
| 100 | 1 | _aMigal, | |
| 245 | 1 | 0 | _aTrucos con cerillas y palillos y demás juegos de mesa |
| 260 |
_a(Madrid) : _bEditors, _c1995 |
||
| 300 | _a127 p : il | ||
| 490 | _aLibros para jugar, 13 | ||
| 650 | 1 | 4 | _aJUEGOS RECREATIVOS |
| 942 |
_2ddc _cBK |
||
| 999 |
_c16080 _d16080 |
||